<?xml version="1.0" encoding="UTF-8"?>
<collection xmlns="http://www.loc.gov/MARC21/slim">
  <record>
    <leader>00000nam  2200000   4500</leader>
    <controlfield tag="001">INLIS000000000002728</controlfield>
    <controlfield tag="005">20180724150352</controlfield>
    <controlfield tag="008">180724|||||||||   |   |||   |||| ||   | </controlfield>
    <datafield tag="035" ind1=" " ind2=" ">
      <subfield code="0">010-0718002728</subfield>
    </datafield>
    <datafield tag="041" ind1=" " ind2=" ">
      <subfield code="a">id</subfield>
    </datafield>
    <datafield tag="082" ind1=" " ind2=" ">
      <subfield code="a">R. 079</subfield>
    </datafield>
    <datafield tag="090" ind1=" " ind2=" ">
      <subfield code="a">R. 079 PIM I Angkatan XXXVII 2017</subfield>
    </datafield>
    <datafield tag="100" ind1=" " ind2=" ">
      <subfield code="a">Nugroho, Agus</subfield>
    </datafield>
    <datafield tag="245" ind1=" " ind2=" ">
      <subfield code="a">Kebijakan Tatakelola Kearsipan Di Kementerian Riset Teknologi Dan Pendidikan Tinggi Dan Lembaga Kearsipan Perguruan Tinggi</subfield>
    </datafield>
    <datafield tag="260" ind1=" " ind2=" ">
      <subfield code="a">Jakarta</subfield>
      <subfield code="b">LAN Jakarta</subfield>
      <subfield code="c">2017</subfield>
    </datafield>
    <datafield tag="300" ind1=" " ind2=" ">
      <subfield code="a">III, 24 HLM.; lAMP.; 30 CM</subfield>
    </datafield>
    <datafield tag="500" ind1=" " ind2=" ">
      <subfield code="a">Inovasi yang dilakukan adalah penerapan SIKD di Universitas Jenderal Soedirman (Unsoed) sebagai role model sebagai langkah awal untuk menarik PTN lain mengikuti langkah Unsoed. Dengan demikian jika sudah semua PTN menggunakan SIKD maka akan diintegrasikan kedalam Sistem Informasi kearsipan Nasional (SIKN) dan Jaringan Informasi Kearsipan Nasional (JIKN), yang merupakan amanah UU tentang kearsipan.</subfield>
    </datafield>
    <datafield tag="650" ind1=" " ind2=" ">
      <subfield code="a">TataKelola</subfield>
    </datafield>
  </record>
</collection>
